[Event "Edda Rapid"]
[Site "Reykjavic ISL"]
[Date "2003.03.03"]
[Round "2"]
[White "Halldorsson,Br"]
[Black "De Firmian,N"]
[Result "0-1"]
[WhiteElo "2239"]
[BlackElo "2537"]

1.d4 Nf6 2.c4 e6 3.Nc3 Bb4 4.f3 d5 5.a3 Bxc3+ 6.bxc3 c5 7.cxd5 Nxd5 8.Qd3 b6
9.e4 Ba6 10.Qc2 Bxf1 11.Kxf1 Ne7 12.dxc5 bxc5 13.Ne2 O-O 14.g3 Nd7 15.Kg2 Ne5
16.Rd1 Qa5 17.Rb1 Qa6 18.a4 Rab8 19.Be3 Qc4 20.Nf4 N7c6 21.Qe2 g5 22.Rxb8 Rxb8
23.Qxc4 Nxc4 24.Bxc5 gxf4 25.gxf4 a6 26.Rd7 Rc8 27.Bf2 Nb2 28.Rd2 Nxa4 29.Ra2 Nxc3
30.Rxa6 f5 31.Ra3 Nb5 32.Ra6 Kf7 33.Kh3 Nd6 34.Bc5 Ne8 35.Rb6 Nf6 36.exf5 exf5
37.Bd6 Kg6 38.Be5 Nd7 39.Ra6  0-1

[Event "Tch-SWE 2002-3"]
[Site "Sweden SWE"]
[Date "2003.03.15"]
[Round "10"]
[White "Hillarp Persson,T"]
[Black "Sammalvuo,T"]
[Result "0-1"]
[WhiteElo "2482"]
[BlackElo "2460"]

1.d4 Nf6 2.c4 e6 3.Nc3 Bb4 4.f3 d5 5.a3 Bxc3+ 6.bxc3 c5 7.cxd5 Nxd5 8.Qd3 b6
9.e4 Ba6 10.Qd2 Bxf1 11.Kxf1 Ne7 12.Ne2 O-O 13.h4 Qd7 14.h5 f5 15.h6 g6 16.exf5 Nxf5
17.dxc5 bxc5 18.Kf2 Qe7 19.Qg5 Qf7 20.Qg4 Nd7 21.Bg5 Nd6 22.Rad1 Ne5 23.Qf4 Ndc4
24.Qxf7+ Rxf7 25.Rh4 Nxa3 26.Re4 Nac4 27.Ke1 Nb2 28.Rxe5 Nxd1 29.Kxd1 a5
30.Bc1 Rb7 31.Kc2 a4 32.Ba3 Rb3 33.Bxc5 a3 34.Bxa3 Rbxa3 35.Rxe6 Ra2+ 36.Kd3 Rd8+
37.Ke3 Kf7 38.Re4 Rdd2 39.Kf2 g5 40.g4  0-1

[Event "IV Dos Hermanas Internet Final"]
[Site "ICC INT"]
[Date "2003.03.21"]
[Round "1.2"]
[White "Volkov,S"]
[Black "Balogh,C"]
[Result "0-1"]
[WhiteElo "2624"]
[BlackElo "2448"]

1.d4 Nf6 2.c4 e6 3.Nc3 Bb4 4.f3 Nc6 5.e4 d5 6.e5 Ng8 7.a3 Bxc3+ 8.bxc3 dxc4
9.Nh3 Na5 10.Bg5 Qd7 11.Nf2 b6 12.Be2 Bb7 13.O-O f6 14.Bh4 g5 15.Bg3 f5 16.h4 h6
17.Nh3 Ne7 18.hxg5 hxg5 19.Rb1 Nd5 20.Qd2 f4 21.Bf2 O-O-O 22.Rfc1 Rh5 23.Qc2 Qg7
24.Kf1 Rdh8 25.Ke1 Ne3 26.Bxe3 fxe3 27.Rb5 Qf7 28.Rxa5 bxa5 29.Qa4 g4 30.fxg4 Rxh3
31.gxh3 Qf2+ 32.Kd1 Bf3 33.Qxc4 Qf1+ 34.Kc2 Qxe2+ 35.Qxe2 Bxe2 36.Re1 Bf3
37.Rxe3 Rxh3 38.g5 Bd1+ 39.Kd2 Rxe3 40.Kxe3 Bc2 41.d5 exd5 42.Kd4 c6 43.e6 Kd8
44.Kc5 Ke7 45.Kxc6 Kxe6 46.Kb7 Kf5 47.Kxa7 a4 48.Kb6 Kxg5 49.Kc5 Bb3 50.Kd4 Kf4
51.c4 dxc4 52.Kc3 Ke3 53.Kb2 Kd2 54.Ka1 c3 55.Kb1 c2+  0-1

[Event "Classics GM"]
[Site "Gausdal NOR"]
[Date "2003.04.05"]
[Round "4"]
[White "Bluvshtein,M"]
[Black "Kallio,H"]
[Result "1/2-1/2"]
[WhiteElo "2451"]
[BlackElo "2470"]

1.d4 Nf6 2.c4 e6 3.Nc3 Bb4 4.f3 O-O 5.a3 Bxc3+ 6.bxc3 c5 7.e4 d6 8.Bd3 Nc6
9.Ne2 b6 10.f4 cxd4 11.cxd4 e5 12.d5 Na5 13.fxe5 dxe5 14.Bd2 Nb7 15.Bb4 Nc5
16.Bxc5 bxc5 17.Qd2 Ne8 18.O-O Nd6 19.Qc3 f6 20.Nc1 Qc7 21.Nb3 Bd7 22.Rab1 Rab8
23.Nd2 Rb6 24.Qa5 Rc8 25.Qc3 Rcb8 26.h3 Rxb1 27.Rxb1 Rxb1+ 28.Bxb1 Qb6 29.Bd3 Be8
30.Kh2 h6 31.Bc2 Bg6 32.Kh1 Kf8 33.Kh2 Kg8 34.Kh1 Be8 35.Kh2 Bd7 36.Nf1 Kh7
37.Nd2 Nb7 38.Kg1 Qa5 39.Qxa5 Nxa5 40.Kf2 Kg6 41.Bd1 Kf7 42.Ke3 Ke7 43.Kd3 g6
44.Nf3 Kd6 45.Nd2 f5 46.exf5 gxf5 47.g4 Ke7 48.Ke3 Nb7 49.gxf5 Bxf5 50.Bg4 Bg6
51.Be2 Bf5 52.Bg4  1/2-1/2

[Event "Asian Teams w"]
[Site "Jodhpur IND"]
[Date "2003.04.13"]
[Round "7"]
[White "Vijayalakshmi,S"]
[Black "Hamid,R"]
[Result "1-0"]
[WhiteElo "2414"]
[BlackElo "2167"]

1.d4 Nf6 2.c4 e6 3.Nc3 Bb4 4.f3 d5 5.e3 O-O 6.Bd3 c5 7.a3 cxd4 8.axb4 dxc3
9.bxc3 dxc4 10.Bxc4 Qc7 11.Qb3 Bd7 12.Ne2 Nc6 13.f4 Rfc8 14.Bd3 e5 15.O-O exf4
16.exf4 Qb6+ 17.Kh1 Ng4 18.Qd5 Be6 19.Qf3 Nf6 20.Be3 Qc7 21.Nd4 Bd5 22.Qh3 Be4
23.Nb5 Qd8 24.Be2 Nd5 25.Bg1 a6 26.Nd4 Qf6 27.Bg4 Rd8 28.Rae1 Re8 29.Rxe4 Rxe4
30.Bf5 Ree8 31.Qxh7+ Kf8 32.Nxc6 bxc6 33.Bc5+  1-0

[Event "7th Neckar Open"]
[Site "Deizisau GER"]
[Date "2003.04.21"]
[Round "8"]
[White "Landa,K"]
[Black "Farago,I"]
[Result "1/2-1/2"]
[WhiteElo "2643"]
[BlackElo "2477"]

1.d4 Nf6 2.c4 e6 3.Nc3 Bb4 4.f3 d5 5.a3 Bxc3+ 6.bxc3 c5 7.cxd5 Nxd5 8.dxc5 Qa5
9.e4 Nc7 10.Qd4 f6 11.Qb4 Nc6 12.Qxa5 Nxa5 13.Rb1 Bd7 14.c4 O-O-O 15.Bd2 Nc6
16.Ne2 Be8 17.Be3 Rd3 18.Bc1 Bf7 19.Nf4 Rd7 20.h4 Na6 21.Be3  1/2-1/2

[Event "5th Open"]
[Site "Dubai UAE"]
[Date "2003.04.21"]
[Round "2"]
[White "Volkov,S"]
[Black "Himdan,M"]
[Result "1-0"]
[WhiteElo "2634"]
[BlackElo "2322"]

1.d4 Nf6 2.c4 e6 3.Nc3 Bb4 4.f3 c5 5.d5 b5 6.e4 O-O 7.Bg5 h6 8.Bh4 Re8 9.dxe6 Rxe6
10.Ne2 bxc4 11.Nf4 Re8 12.Bxf6 Qxf6 13.Nd5 Qh4+ 14.g3 Qd8 15.Bxc4 Ba5 16.O-O Nc6
17.Nb5 d6 18.Nf4 Nd4 19.Nxd4 cxd4 20.Qb3 Re7 21.Bd5 Bb7 22.Rad1 Rb8 23.Qd3 g5
24.Nh5 Rc7 25.Kh1 Bxd5 26.Qxd4 Be6  1-0

[Event "5th Open"]
[Site "Dubai UAE"]
[Date "2003.04.23"]
[Round "4"]
[White "Volkov,S"]
[Black "Brodsky,M"]
[Result "1/2-1/2"]
[WhiteElo "2634"]
[BlackElo "2559"]

1.d4 Nf6 2.c4 e6 3.Nc3 Bb4 4.f3 Nc6 5.a3 Bxc3+ 6.bxc3 b6 7.e4 Ba6 8.Bg5 h6
9.Bh4 Na5 10.e5 g5 11.Bf2 Nh5 12.c5 Bxf1 13.Kxf1 f5 14.Ne2 Qe7 15.g3 bxc5
16.Kg2 Nc6 17.Qd3 O-O 18.Rab1 d6 19.Qa6 Nd8 20.Rhd1 cxd4 21.cxd4 Ng7 22.Rdc1 Ne8
23.Be1 Rf7 24.a4 Qd7 25.Bb4 c6 26.Ba3 dxe5 27.dxe5 Nc7 28.Qc4 Nd5 29.Kf2 Rc8
30.a5 Qc7 31.Qa6 Nb7 32.Qxa7 Nxa5 33.Qxc7 Rfxc7 34.Nd4 Kf7 35.Bd6 Rb7 36.Ra1 Rb2+
37.Kg1 Nb3 38.Ra7+ Kg6 39.Rb7 Nxc1 40.Rxb2 Ra8 41.Nxe6 Nd3 42.Rd2 Nxe5 43.Bxe5 Re8
44.Nd4 Rxe5 45.Nxc6 Re6 46.Nd4 Rd6  1/2-1/2

[Event "11th Sigeman & Co"]
[Site "Malmoe SWE"]
[Date "2003.04.29"]
[Round "1"]
[White "Hillarp Persson,T"]
[Black "Timman,J"]
[Result "1/2-1/2"]
[WhiteElo "2474"]
[BlackElo "2579"]

1.d4 Nf6 2.c4 e6 3.Nc3 Bb4 4.f3 d5 5.a3 Bxc3+ 6.bxc3 c5 7.cxd5 Nxd5 8.Qd3 O-O
9.e4 Ne7 10.f4 b6 11.Qe3 Qc7 12.Nf3 Bb7 13.Rb1 Rc8 14.Bd3 Ba6 15.Bxa6 Nxa6
16.O-O cxd4 17.cxd4 Qc3 18.Qe2 Qc4 19.Qe3 Qc3 20.Qe2 Qc4 21.Qe3  1/2-1/2

[Event "National I"]
[Site "Clermont-Ferrand FRA"]
[Date "2003.05.10"]
[Round "10"]
[White "Nguyen Chi Minh"]
[Black "Van den Doel,E"]
[Result "0-1"]
[WhiteElo "2383"]
[BlackElo "2588"]

1.d4 Nf6 2.c4 e6 3.Nc3 Bb4 4.f3 d5 5.a3 Bxc3+ 6.bxc3 c5 7.cxd5 Nxd5 8.Qd2 f5
9.e3 O-O 10.Nh3 Nc6 11.Rb1 e5 12.dxc5 Kh8 13.Nf2 Be6 14.Bb5 Qe7 15.c4 Nf6
16.Qd6 Rfd8 17.Qxe7 Nxe7 18.Bb2 Ng6 19.h4 h5 20.Nh3 Rac8 21.Ng5 Bg8 22.Ke2 a6
23.Ba4 Bxc4+ 24.Ke1 Rxc5 25.Rc1 Rd3  0-1

[Event "Capablanca Mem Premier II"]
[Site "Havana CUB"]
[Date "2003.05.10"]
[Round "5"]
[White "Baches Garcia,G"]
[Black "Gonzalez Garcia,J"]
[Result "0-1"]
[WhiteElo "2397"]
[BlackElo "2429"]

1.d4 Nf6 2.c4 e6 3.Nc3 Bb4 4.f3 Nc6 5.a3 Bxc3+ 6.bxc3 b6 7.e4 Ba6 8.Bg5 h6
9.Bh4 Na5 10.Qa4 Qc8 11.e5 Nh7 12.Bd3 O-O 13.g4 d5 14.Qc2 f5 15.gxf5 dxc4
16.Be4 exf5 17.Bxa8 Qxa8 18.Qg2 Bb7 19.Rd1 Bd5 20.Ke2 g5 21.Be1 Kh8 22.Bd2 Qc6
23.h4 g4 24.Qg3 Nb3 25.Qf4 h5 26.Rh2 Rf7 27.Be3 Qg6 28.Kf2 Na5 29.Ne2 Nc6
30.Qg3 Ne7 31.Nf4 Qc6 32.Rd2 Bxf3 33.Kg1 Qe4 34.Kf2 c6 35.a4 Nf8 36.a5 b5
37.d5 Nxd5 38.Nxd5 cxd5 39.Qf4 Qxf4 40.Bxf4 Ne6 41.Ke3 a6 42.Rhf2 Be4 43.Rd4 Rd7
44.Bg3 Kg7 45.Rd1 Kg6 46.Rd4 Nd8 47.Bf4 Nc6 48.Rfd2 Kf7 49.Bg3 Ke6 50.Kf4 b4  0-1

[Event "TCh-RUS"]
[Site "Togliatti RUS"]
[Date "2003.05.16"]
[Round "1"]
[White "Volkov,S"]
[Black "Vekshenkov,N"]
[Result "0-1"]
[WhiteElo "2634"]
[BlackElo "2417"]

1.d4 Nf6 2.c4 e6 3.Nc3 Bb4 4.f3 O-O 5.e4 d5 6.e5 Nfd7 7.cxd5 exd5 8.f4 c5
9.a3 Ba5 10.Nf3 cxd4 11.Nxd4 Nxe5 12.fxe5 Qh4+ 13.Ke2 Bb6 14.Be3 Bg4+ 15.Nf3 d4
16.Bxd4 Bxf3+ 17.Kxf3 Bxd4 18.g3 Qh5+ 19.Kg2 Qxe5 20.Qf3 Nc6 21.Bb5 Bxc3
22.Bxc6 bxc6 23.Qxc3 Qe2+ 24.Kh3 Rab8 25.Rae1 Qh5+ 26.Kg2 Qd5+ 27.Kf1 Qb5+
28.Kg2 Qd5+ 29.Kh3 Rb3 30.Qe5 Qd7+ 31.Kg2 Rfb8 32.Re2 R3b5 33.Qe7 Qd5+ 34.Kf1 Qh5
35.Kg2 Qxe2+ 36.Qxe2 Rxb2 37.Re1 h5 38.Kh3 Rxe2 39.Rxe2 Rb3 40.Re4 Kh7 41.Re7 Rxa3
42.Rxf7 Kg6 43.Rd7 Ra6 44.Rc7 Kf6 45.Kh4 g6 46.h3 Kf5 47.Rf7+ Ke5 48.Re7+ Kf5
49.Rf7+ Ke5 50.Re7+ Kf6 51.Rc7 Rb6 52.Rxa7 Rb4+ 53.g4 g5+ 54.Kg3 h4+ 55.Kg2 Rb2+
56.Kf1 Ke5 57.Rc7 Rc2 58.Rf7 Kd4 59.Re7 Rc5 60.Re6 Kd5 61.Rf6 Ke4 62.Kf2 Rc2+
63.Ke1 Ke3 64.Kd1 Rc5 65.Rf7 Rd5+ 66.Kc2 Rd2+ 67.Kc1 Rh2 68.Rf5 Rxh3 69.Rxg5 Rg3
70.Rh5 h3 71.g5 Kf2 72.g6 Kg2  0-1

[Event "Master Open"]
[Site "Ploiesti ROM"]
[Date "2003.06.02"]
[Round "4"]
[White "Dobre,C"]
[Black "Seder,N"]
[Result "0-1"]
[WhiteElo "2166"]
[BlackElo "2212"]

1.d4 Nf6 2.c4 e6 3.Nc3 Bb4 4.f3 d5 5.a3 Be7 6.e4 dxc4 7.Bxc4 O-O 8.Be3 c6
9.Nge2 b5 10.Bd3 a6 11.O-O Nbd7 12.e5 Nd5 13.Nxd5 cxd5 14.Bc2 Nb6 15.Qd3 g6
16.Bh6 Re8 17.f4 Nc4 18.Rab1 Ra7 19.Kh1 a5 20.Ng3 f5 21.exf6 Bxf6 22.Ne2 b4
23.Rf3 Bg7 24.Bxg7 Rxg7 25.a4 Qb6 26.Nc1 Ba6 27.Qd1 Nd6 28.Re3 Rf7 29.g3 g5
30.Re5 gxf4 31.Qg4+ Rg7 32.Rg5 Qxd4 33.Rxg7+ Qxg7 34.Qxg7+ Kxg7 35.gxf4 Rc8
36.Bd3 Rxc1+ 37.Rxc1 Bxd3 38.Rc6 Nc4 39.Rc5 Bc2  0-1

[Event "ch-Barents Region A"]
[Site "Alta NOR"]
[Date "2003.06.22"]
[Round "6"]
[White "Nordahl,H"]
[Black "Egeland,M"]
[Result "1-0"]
[WhiteElo "2330"]
[BlackElo "2006"]

1.d4 Nf6 2.c4 e6 3.Nc3 Bb4 4.f3 d5 5.a3 Bxc3+ 6.bxc3 O-O 7.cxd5 exd5 8.e3 Bf5
9.Ne2 Re8 10.Ng3 Bg6 11.Bd3 Bxd3 12.Qxd3 Nbd7 13.O-O c6 14.Rb1 Qc7 15.e4 Nb6
16.e5 Nfd7 17.f4 f6 18.Nh5 fxe5 19.Qg3 Re7 20.fxe5 Nf8 21.Bg5 Rf7 22.Nf4 Re8
23.Rf2 Ne6 24.Nxe6 Rxe6 25.Rbf1 Rxf2 26.Qxf2 h6 27.Qf8+  1-0

[Event "IM"]
[Site "Elancourt FRA"]
[Date "2003.06.25"]
[Round "5"]
[White "Kirszenberg,M"]
[Black "Verat,L"]
[Result "0-1"]
[WhiteElo "2202"]
[BlackElo "2357"]

1.d4 Nf6 2.c4 e6 3.Nc3 Bb4 4.f3 d5 5.a3 Bxc3+ 6.bxc3 c5 7.cxd5 Nxd5 8.Qd3 cxd4
9.cxd4 b6 10.Qb5+ Bd7 11.Qd3 f5 12.e4 fxe4 13.fxe4 Nc7 14.Nf3 O-O 15.Bg5 Qe8
16.Rc1 Nc6 17.Be2 Rc8 18.O-O Na5 19.Qe3 Bb5 20.Rfe1 Bxe2 21.Rxe2 Nb5 22.Rec2 Rxc2
23.Rxc2 Qd7 24.Bh4 Nd6 25.Qd3 Rc8 26.Ne5 Qb7 27.Be1 Rxc2 28.Qxc2 Nxe4 29.Bxa5 bxa5
30.Nc6 Nd6 31.Nxa5 Qb6 32.Nc6 Nf5 33.Qe4 Qb3 34.h3 Ng3 35.Qe1 h5 36.Ne5 Qxa3
37.Nf3 Qd6 38.Qa5 Ne2+ 39.Kf1 Nxd4 40.Qxa7 Nxf3 41.gxf3 Qg3 42.Qa8+ Kf7 43.Qb7+ Kf6
44.Qb2+ e5 45.Qb6+ Kf5 46.Qb1+ Kg5 47.Qc1+ Qf4 48.Qd1 Kh4 49.Qe1+ Kxh3 50.Qe2 Kh4
51.Kg2 Kg5 52.Qd3 h4 53.Qd8+ Qf6 54.Qd7 Kh6 55.Qe8 Qg6+  0-1

[Event "White Nights"]
[Site "St Petersburg RUS"]
[Date "2003.06.29"]
[Round "1"]
[White "Ovod,E"]
[Black "Andreikin,D"]
[Result "0-1"]
[WhiteElo "2296"]
[BlackElo "2402"]

1.d4 Nf6 2.c4 e6 3.Nc3 Bb4 4.f3 d5 5.a3 Be7 6.cxd5 exd5 7.e3 c5 8.Bb5+ Nc6
9.Nge2 a6 10.Bxc6+ bxc6 11.Qc2 Qc7 12.Na4 cxd4 13.exd4 Bd6 14.Bg5 O-O 15.Rc1 Bd7
16.Nc5 Rfe8 17.Bxf6 gxf6 18.Kf2 Bxc5 19.Qxc5 Rab8 20.Qc3 a5 21.Ng3 Qf4 22.Rhd1 a4
23.Qd2 Qh4 24.Re1 Re6 25.Kg1 Rbe8 26.Rf1 Kh8 27.Rc3 Bc8 28.Rfc1 Bb7 29.f4 Rg8
30.Rf3 Ba6 31.f5 Re7 32.Rxc6 Bc4 33.Qf2 Rge8 34.h3 Qg5 35.Kh2 h5 36.Rf4 h4
37.Nh1 Re4 38.Rxe4 Rxe4 39.Qf3 Rf4 40.Qe3 Rxf5 41.Rc8+ Kg7 42.Qxg5+ fxg5
43.g3 Rf1 44.Ra8 Bb3 45.gxh4 gxh4 46.Re8 Bc2 47.Re2 Be4 48.Nf2 Bf3 49.Rd2 Kg6
50.b4 axb3 51.Rb2 Kf5 52.a4 Kf4 53.a5 Ke3 54.a6 Ra1 55.a7 Rxa7 56.Rxb3+ Kxf2
57.Rb7 Ra4 58.Rxf7 Rxd4 59.Rf4 Ke3  0-1

[Event "ch-SWE"]
[Site "Umea SWE"]
[Date "2003.07.02"]
[Round "4"]
[White "Hillarp Persson,T"]
[Black "Wedberg,T"]
[Result "1/2-1/2"]
[WhiteElo "2474"]
[BlackElo "2539"]

1.d4 Nf6 2.c4 e6 3.Nc3 Bb4 4.f3 d5 5.a3 Bxc3+ 6.bxc3 c5 7.cxd5 Nxd5 8.dxc5 Qa5
9.e4 Nf6 10.Be3 O-O 11.Qb3 Nc6 12.a4 Qc7 13.Rb1 Rb8 14.Ne2 e5 15.Ng3 Be6
16.Qa3 Rfc8 17.Bb5 Na5 18.O-O a6 19.Be2 Nd7 20.Nf5 Nxc5 21.Rfd1 b6 22.Bxc5 bxc5
23.Bxa6 Rxb1 24.Rxb1 Rd8 25.Bf1 c4 26.Rb5 Bxf5 27.exf5 Nb3 28.h3 h5 29.Qb4 Qa7+
30.Kh2 Nd2 31.Be2 Qe3 32.Qe7 Nxf3+ 33.Bxf3  1/2-1/2

[Event "White Nights"]
[Site "St Petersburg RUS"]
[Date "2003.07.05"]
[Round "7"]
[White "Utnasunov,A"]
[Black "Rodionov,Ad"]
[Result "1-0"]
[WhiteElo "2316"]
[BlackElo "2356"]

1.d4 Nf6 2.c4 e6 3.Nc3 Bb4 4.f3 d5 5.a3 Bd6 6.c5 Be7 7.e3 Nbd7 8.Bd3 e5 9.Nge2 c6
10.O-O O-O 11.b4 b6 12.Bd2 a5 13.Qc2 Bb7 14.Rfb1 axb4 15.axb4 bxc5 16.bxc5 Qc7
17.Be1 g6 18.Bh4 Rxa1 19.Rxa1 Ra8 20.Qb2 Rxa1+ 21.Qxa1 exd4 22.exd4 Qd8 23.Qa7 Qb8
24.Qxb8+ Nxb8 25.Nc1 Kf8 26.Nb3 Nh5 27.Bxe7+ Kxe7 28.Na5 Bc8 29.Bc2 Kd8 30.Kf2 Nf4
31.g3 Ne6 32.Ke3 Kc7 33.h4 Bd7 34.g4 f6 35.Ne2 Na6 36.Ng3 Nb4 37.Bb1 Be8
38.f4 Ng7 39.f5 Bf7 40.Kf4 Na6 41.g5 fxg5+ 42.Kxg5 gxf5 43.Kf6 Bg6 44.Kxg7 f4
45.Nf5 f3 46.Nb3  1-0

[Event "White Nights"]
[Site "St Petersburg RUS"]
[Date "2003.07.06"]
[Round "8"]
[White "Bratchenko,A"]
[Black "Pisakov,I"]
[Result "1/2-1/2"]
[WhiteElo "2396"]
[BlackElo "2341"]

1.d4 Nf6 2.c4 e6 3.Nc3 Bb4 4.f3 d5 5.a3 Bxc3+ 6.bxc3 c5 7.cxd5 Nxd5 8.dxc5 Qa5
9.e4 Ne7 10.Be3 Qxc3+ 11.Kf2 Nbc6 12.Qc1 Qxc1 13.Rxc1 e5 14.Ne2 Be6 15.Nc3 O-O-O
16.Nb5 Kb8 17.Bc4 Bxc4 18.Rxc4 Nc8 19.Ke2 Rd7 20.Rb1 Rhd8 21.Rcc1 a6 22.Nc3 N8e7
23.Rd1 Nd4+ 24.Bxd4 Rxd4 25.Rxd4 Rxd4 26.Rb4 Rd8 27.Rb2 Kc7 28.Nd1 g6 29.Nf2 f5
30.Nd3 Nc6 31.Ke3 Rd4 32.Nxe5 Ra4 33.Nxc6 Kxc6 34.Rb6+ Kc7 35.exf5 gxf5 36.Rh6 f4+
37.Kd3 Rxa3+ 38.Kc4 Ra2 39.Rxh7+ Kc6 40.Rh6+ Kc7 41.Rg6 Rc2+ 42.Kb4 Rc1 43.h4 a5+
44.Kb5 a4 45.Rg7+ Kc8 46.Kxa4 Rxc5 47.Rf7 Rc2 48.Rxf4 Rxg2 49.Kb4 Kd7 50.Kc3 Ke6
51.Kd3 Ke5 52.Rb4 Rh2 53.Ke3 Kf5 54.Rg4 Ke5 55.f4+ Kf6 56.Kf3 b5 57.Kg3 Rb2
58.Rg5 Rb1 59.Rc5 Rg1+ 60.Kf3 Rf1+ 61.Ke3 Rh1 62.Rxb5 Rxh4 63.Ke4 Rh1 64.Rb6+ Kf7
65.Ke5 Ra1 66.Rb5 Ra6 67.f5 Rc6 68.Rb7+ Kf8  1/2-1/2

[Event "ch-BEL"]
[Site "Eupen BEL"]
[Date "2003.07.09"]
[Round "5"]
[White "Meessen,R"]
[Black "Vandevoort,P"]
[Result "0-1"]
[WhiteElo "2279"]
[BlackElo "2353"]

1.d4 Nf6 2.c4 e6 3.Nc3 Bb4 4.f3 c5 5.d5 d6 6.e4 Qe7 7.Ne2 exd5 8.cxd5 Nbd7
9.Ng3 g6 10.Bh6 Nh5 11.Qd2 Nxg3 12.hxg3 f6 13.O-O-O a6 14.f4 b5 15.g4 Bb7
16.g5 O-O-O 17.gxf6 Nxf6 18.Bg5 h6 19.Rxh6 Rxh6 20.Bxh6 Nxe4 21.Qc2 Bxc3
22.bxc3 Re8 23.Be2 Qh4 24.Bg7 Qxf4+ 25.Kb2 Ng3 26.Bd3 c4 27.Qd2 Qxd2+ 28.Rxd2 cxd3
29.Rxd3 Nf5 30.Bf6 Re2+ 31.Kb3 Ne3 32.Bd4 Nc4  0-1

[Event "Andorra"]
[Site "Andorra la Vella AND"]
[Date "2003.07.11"]
[Round "7"]
[White "Khenkin,I"]
[Black "Eljanov,P"]
[Result "1-0"]
[WhiteElo "2638"]
[BlackElo "2574"]

1.d4 Nf6 2.c4 e6 3.Nc3 Bb4 4.f3 c5 5.d5 b5 6.e4 Bb7 7.Bg5 h6 8.Bh4 bxc4 9.Bxc4 exd5
10.exd5 Bxc3+ 11.bxc3 O-O 12.Ne2 d6 13.Rb1 Bc8 14.Bb5 a6 15.Bd3 Nbd7 16.f4 Re8
17.O-O c4 18.Bxc4 Qc7 19.Bb3 Ng4 20.Re1 Ndf6 21.h3 Ne3 22.Qd2 Bf5 23.Rbc1 Nexd5
24.c4 Qc5+ 25.Kh2 Ne7 26.Bxf6 gxf6 27.Ng3 Kf8 28.Ba4 Red8 29.Rxe7 Kxe7 30.Re1+ Kf8
31.Qc3 Bh7 32.Qxf6 Kg8 33.Qxh6 Qd4 34.Nh5 Bg6 35.f5  1-0

[Event "13th S&WYM"]
[Site "Millfield School ENG"]
[Date "2003.07.14"]
[Round "6"]
[White "Buckley,Si"]
[Black "Broomfield,M"]
[Result "1/2-1/2"]
[WhiteElo "2267"]
[BlackElo "2249"]

1.d4 Nf6 2.c4 e6 3.Nc3 Bb4 4.f3 d5 5.a3 Bxc3+ 6.bxc3 c6 7.e3 O-O 8.Bd3 b6
9.Ne2 Ba6 10.cxd5 Bxd3 11.Qxd3 cxd5 12.O-O Nbd7 13.Ng3 Rc8 14.e4 e5 15.Bg5 Qc7
16.Rac1 h6 17.Bd2 Rfe8 18.Nf5  1/2-1/2

[Event "Open"]
[Site "Mariupol UKR"]
[Date "2003.07.17"]
[Round "7"]
[White "Derjabin,I"]
[Black "Golovanj,A"]
[Result "1-0"]
[WhiteElo "2401"]
[BlackElo "2218"]

1.d4 Nf6 2.c4 e6 3.Nc3 Bb4 4.f3 d5 5.a3 Be7 6.e3 O-O 7.Bd3 Nbd7 8.Nge2 c5
9.cxd5 exd5 10.O-O Re8 11.Nf4 Nb6 12.Re1 g6 13.Kh1 Bf8 14.dxc5 Bxc5 15.b4 Bd6
16.Bb5 Rf8 17.Bb2 Be5 18.Nd3 Bb8 19.Nc5 a6 20.Bf1 Nc4 21.Bxc4 dxc4 22.Qxd8 Rxd8
23.N3a4 Nd5 24.e4 c3 25.Bc1 b5 26.exd5 bxa4 27.Bg5 Rxd5 28.Bf6 Be6 29.Bxc3 Bd6
30.Nxa4 Rc8 31.Nb6  1-0

[Event "Open"]
[Site "Mariupol UKR"]
[Date "2003.07.19"]
[Round "9"]
[White "Simantsev,M"]
[Black "Olenin,N"]
[Result "1/2-1/2"]
[WhiteElo "2390"]
[BlackElo "2420"]

1.d4 Nf6 2.c4 e6 3.Nc3 Bb4 4.f3 O-O 5.a3 Bxc3+ 6.bxc3 Ne8 7.e4 b6 8.Bd3 Nc6
9.Nh3 Ba6 10.Qe2 Qh4+ 11.Nf2 Na5 12.Rb1 Rc8 13.g3  1/2-1/2

[Event "ch-GBR"]
[Site "Edinburgh SCO"]
[Date "2003.07.21"]
[Round "7"]
[White "Conquest,S"]
[Black "Bakre,T"]
[Result "0-1"]
[WhiteElo "2560"]
[BlackElo "2434"]

1.d4 Nf6 2.c4 e6 3.Nc3 Bb4 4.f3 O-O 5.e4 Ne8 6.Nh3 d5 7.cxd5 exd5 8.Bg5 f6
9.Be3 Kh8 10.Nf4 dxe4 11.fxe4 Nd6 12.Bd3 Qe8 13.O-O Bxc3 14.bxc3 Nxe4 15.Qc2 f5
16.Rae1 Nd7 17.Nd5 Qd8 18.Bf4 Ndf6 19.Nxc7 Rb8 20.Ne8 Ra8 21.Nxf6 Nxf6 22.Be5 Ng4
23.Bg3 Nh6 24.Qb3 b6 25.d5 Bb7 26.c4 Qd7 27.Qc3 Ng8 28.Re6 b5 29.Rd6 Qe7
30.c5 Nf6 31.c6 Bc8 32.Qb2 Qe3+ 33.Bf2 Qxd3 34.Bd4 Kg8 35.Rxf6 gxf6 36.Rf3 Qd1+
37.Kf2 f4 38.Rb3 Re8  0-1

[Event "IV CMA Futurity"]
[Site "Toronto CAN"]
[Date "2003.07.31"]
[Round "9"]
[White "Arencibia,W"]
[Black "Wang,H"]
[Result "1-0"]
[WhiteElo "2522"]
[BlackElo "2226"]

1.d4 Nf6 2.c4 e6 3.Nc3 Bb4 4.f3 d5 5.a3 Bxc3+ 6.bxc3 c5 7.cxd5 Nxd5 8.dxc5 f5
9.Nh3 O-O 10.Nf4 Nxc3 11.Qc2 Nd5 12.e3 Kh8 13.Nxd5 Qxd5 14.Bb2 Nd7 15.Rd1 Qc6
16.Rd6 Qc7 17.Rxe6 Nxc5 18.Re5 b6 19.g4 Bb7 20.gxf5 Bxf3 21.Rg1 Rf6 22.Rg3 Bb7
23.Qc4 Rd8 24.Qh4 Qd7 25.Bd4 Nb3 26.Rxg7 Kxg7 27.Qg5+  1-0

[Event "HZ Open"]
[Site "Vlissingen NED"]
[Date "2003.08.05"]
[Round "5"]
[White "Piceu,T"]
[Black "Roeder,M"]
[Result "1/2-1/2"]
[WhiteElo "2227"]
[BlackElo "2451"]

1.d4 Nf6 2.c4 e6 3.Nc3 Bb4 4.f3 Nc6 5.e4 e5 6.d5 Nd4 7.a3 Be7 8.Bd3 O-O 9.Nge2 c5
10.O-O d6 11.Nxd4 cxd4 12.Ne2 a5 13.b3 Nd7 14.f4 Nc5 15.f5 Bg5 16.Rf3 Bxc1
17.Rxc1 Qh4  1/2-1/2

[Event "23rd Open"]
[Site "Bratto ITA"]
[Date "2003.08.22"]
[Round "2"]
[White "Khenkin,I"]
[Black "Guido,F"]
[Result "1-0"]
[WhiteElo "2638"]
[BlackElo "2332"]

1.d4 Nf6 2.c4 e6 3.Nc3 Bb4 4.f3 d5 5.a3 Bxc3+ 6.bxc3 c5 7.cxd5 Nxd5 8.dxc5 Nd7
9.e4 Ne7 10.Be3 O-O 11.Rb1 Qa5 12.Qb3 Qc7 13.Qc4 Nc6 14.Kf2 Nde5 15.Qa4 Rd8
16.Nh3 Na5 17.Nf4 Bd7 18.Qb4 Be8 19.Be2 Nd7 20.Rhd1 Rdc8 21.Bb5 Ne5 22.c4 a6
23.Bxe8 Rxe8 24.Rbc1 Red8 25.Rd6 g5 26.Nh5 Nd3+ 27.Rxd3 Rxd3 28.Qb2 e5 29.Nf6+ Kg7
30.Nd5 Qb8 31.Bxg5 Rd4 32.Rc2 h6 33.Be7 Qe8 34.Bd6 Nxc4 35.Rxc4 Rxc4 36.Bxe5+ Kg6
37.Bd6 Qh8 38.e5 Qd8 39.Qb1+ Kg7 40.Nf6 Qc8 41.Qh7+  1-0

[Event "Open"]
[Site "Vienna AUT"]
[Date "2003.08.22"]
[Round "7"]
[White "Ganaus,H"]
[Black "Kurajica,B"]
[Result "0-1"]
[WhiteElo "2348"]
[BlackElo "2558"]

1.d4 Nf6 2.c4 e6 3.Nc3 Bb4 4.f3 d5 5.a3 Bxc3+ 6.bxc3 c6 7.Nh3 O-O 8.Nf2 Nbd7
9.e3 Re8 10.Bd3 e5 11.cxd5 cxd5 12.O-O Qc7 13.Qc2 b6 14.Bd2 Bb7 15.Rfc1 Rac8
16.a4 Re6 17.Qb2 e4 18.Bf1 exf3 19.gxf3 Ne8 20.c4 Rg6+ 21.Kh1 dxc4 22.e4 Nd6
23.Bg2 f5 24.Bf4 Nf6 25.Re1 fxe4 26.Nxe4 Nfe8 27.Rad1 Qf7 28.Qc1 Nf5 29.Ng5 Qd7
30.Re5 Nh4 31.Qc2 Nxg2 32.Kxg2 Qg4+ 33.Bg3 Rxg5 34.d5 Qh5  0-1

[Event "Acropolis Open"]
[Site "Athens GRE"]
[Date "2003.08.31"]
[Round "7"]
[White "Ignatiadis,K"]
[Black "Karayannis,A"]
[Result "1-0"]
[WhiteElo "2258"]
[BlackElo "2358"]

1.d4 Nf6 2.c4 e6 3.Nc3 Bb4 4.f3 d5 5.a3 Bxc3+ 6.bxc3 h6 7.e3 O-O 8.Bd3 Re8
9.Ne2 b6 10.O-O Ba6 11.cxd5 Bxd3 12.Qxd3 exd5 13.Ng3 c5 14.Bd2 Nc6 15.Rad1 Rc8
16.Bc1 cxd4 17.cxd4 Na5 18.e4 Qc7 19.e5 Nh7 20.Nf5 Nb7 21.Ne3 Red8 22.Bd2 Qd7
23.f4 Qa4 24.Rc1 Qd7 25.h4 Na5 26.Bxa5 bxa5 27.f5 a4 28.Rxc8 Rxc8 29.f6 g6
30.Nf5 gxf5 31.Qg3+ Kf8 32.Qg7+ Ke8 33.Qxh7 Qe6 34.Rb1 Kd7 35.Rb7+ Rc7 36.Rxc7+ Kxc7
37.Qg8 f4 38.Qf8 f3 39.Qe7+ Qxe7 40.fxe7 Kd7 41.g4 Kxe7 42.Kf2 f6 43.exf6+ Kxf6
44.Kxf3 Ke6 45.Kf4 Kf6 46.g5+ hxg5+ 47.hxg5+ Ke6 48.Kg4 a6 49.Kh5 Kf7 50.Kh6 Kg8
51.Kg6  1-0

[Event "56th ch-RUS"]
[Site "Krasnoyarsk RUS"]
[Date "2003.09.05"]
[Round "3"]
[White "Volkov,S"]
[Black "Ivanov,Se1"]
[Result "1/2-1/2"]
[WhiteElo "2620"]
[BlackElo "2556"]

1.d4 Nf6 2.c4 e6 3.Nc3 Bb4 4.f3 Nc6 5.e4 d5 6.cxd5 exd5 7.e5 Ng8 8.Be3 Nge7
9.f4 Ba5 10.Bf2 O-O 11.Be2 f6 12.Nf3 fxe5 13.fxe5 Ng6 14.O-O Nf4 15.Bh4 Qe8
16.Bg5 Nxe2+ 17.Nxe2 Bg4 18.Qb3 Qd7 19.h3 Bxf3 20.Rxf3 Bb6 21.Rxf8+ Rxf8
22.Be3 Na5 23.Qc3 Nc4 24.b3 Nxe3 25.Qxe3 Qf5 26.Rd1 c6 27.a3 h6 28.b4 Bd8
29.Qd3 Qf2+ 30.Kh1 Bg5 31.Ng1 Be3 32.b5 Qg3 33.Ne2 Qg5 34.bxc6 Rf2 35.Rg1 bxc6
36.e6 Rf6 37.Rb1 Rxe6 38.Rb8+ Kf7 39.Qh7 Re8 40.Rb1 Bf2 41.Qc2 Kg8 42.Rf1 Qe3
43.Qxc6 Qxe2 44.Rxf2  1/2-1/2

[Event "TCh-CHN"]
[Site "Tianjing CHN"]
[Date "2003.09.05"]
[Round "6"]
[White "Lin Ta"]
[Black "Tong Yuanming"]
[Result "0-1"]
[WhiteElo "2463"]
[BlackElo "2499"]

1.d4 Nf6 2.c4 e6 3.Nc3 Bb4 4.f3 d5 5.a3 Bxc3+ 6.bxc3 O-O 7.cxd5 exd5 8.e3 Nh5
9.Qc2 f5 10.Bd3 c5 11.Nh3 c4 12.Be2 Nc6 13.O-O Na5 14.Rb1 f4 15.e4 Bxh3 16.gxh3 Qd7
17.Rf2 b5 18.a4 a6 19.axb5 axb5 20.Ba3 Rf6 21.Rg2 dxe4 22.Rg5 Rg6 23.Rxg6 hxg6
24.fxe4 Qxh3 25.Rxb5 Qe3+ 26.Kg2 f3+ 27.Bxf3 Nf4+ 28.Kg3 Nb3 29.Qf2 Qxf2+
30.Kxf2 Rxa3 31.Ke3 g5 32.d5 Ra1 33.d6 Re1+ 34.Kf2 Nd3+ 35.Kg3 Nbc5 36.Kg4 Rg1+
37.Kf5 Rf1 38.Kg6 Rxf3  0-1